Представление документа в формате RUSMARC

ПолеНазваниеЗначение
  Тип записи a
  Библиографический уровень m
001 Контрольный номер RU/SLIB/B/208742931
005 Дата корректировки 20201206204102.5
010 Индекс ISBN __
d Цена 1-20
101 Язык документа __
a Язык текста rus
200 Заглавие и сведения об ответственности __
a Заглавие Электрические сети жилых и общественных зданий
f Первые сведения об ответственности Тульчик И. К., Нудлер Г. И.
b Общее обозначение материала Текст
210 Выходные данные __
a Место издания М.
c Издательство Энергоатомиздат
d Дата издания 1983
215 Физическое описание __
a Объем 304 с.
606 Тематические рубрики __
a Основная рубрика Энергетика
606 Тематические рубрики __
a Основная рубрика Линии электропередачи и электрические сети
610 Ключевые слова __
a Ключевые слова электрические сети; электроэнергетика; жилые здания; общественные здания
686 Индексы других классификаций __
a Классификационный индекс 31.279; ст31.2
700 Автор __
a Фамилия Тульчик
b Имя И. К.
4 Код отношения 070
702 Вторичная интеллектуальная ответственность _1
a Фамилия Нудлер
b Имя Г. И.
4 Код отношения Автор
801 Источник записи _0
a Страна RU
b Организация Муниципальное бюджетное учреждение культуры "Централизованная библиотечная система" г. Сургут (Центральная городская библиотека им. А. С. Пушкина)
g Правила каталогизации КиК/Елгина
801 Источник записи _1
a Страна RU
b Организация Муниципальное бюджетное учреждение культуры "Централизованная библиотечная система" г. Сургут (Центральная городская библиотека им. А. С. Пушкина)
g Правила каталогизации КиК/Елгина
852 Данные о местонахождении __
j Шифр хранения 31.279
c Каталожный индекс 31.279
i Авторский знак Т 82
p Инвентарный номер 16603
901 Тип документа __
t Тип документа m
990 Данные о заказе (DOS) __
j Количество экземпляров (DOS) 1